000 00524nam a22001937a 4500
003 MPLRDC
005 20220104193805.0
008 210129b ||||| |||| 00| 0 eng d
020 _a978-967-0564-22-7
082 _a859.6 XYB v.12
100 _a许友彬
245 _a背包里的天空
_c
250 _a一版一刷
260 _a马来西亚
_b红蜻蜓出版有限公司 ODONATA PUBLISHING SDN BHD
_c2014
300 _b
490 _a许友彬作品. 12
650 _a儿童文学
942 _cBK
_o859.6 XYB v.12
999 _c65371
_d65361